| 000 | 00835cam a22002537a 4500 | ||
|---|---|---|---|
| 003 | CHAP | ||
| 005 | 20220329140043.0 | ||
| 008 | 971013s1981 r 00010 d | ||
| 010 | _a46292 | ||
| 011 | _a47264 | ||
| 035 | _a51406 | ||
| 040 | _cCHAP | ||
| 082 |
_a631.07 _bU5 |
||
| 110 |
_aUniversidad Autónoma Agraria Antonio Narro. Saltillo, Coah. División de Ciencias Socioeconómicas _9116293 |
||
| 245 | 0 | _aProyecto ingeniero agrónomo especialista en Administración Agropecuaria | |
| 260 |
_aSaltillo, Coah. : _bLa División, _c1981 |
||
| 300 | _a132 h. | ||
| 590 |
_aBATCH-UPD _b10 _c20130110 _lUCH01 _h2037 |
||
| 590 |
_aCONVERSION _b10 _c20130109 _lUCH01 _h1325 |
||
| 650 | 1 | 4 |
_aEmpresas agropecuarias. _936649 |
| 901 | _aBK | ||
| 942 | _cLIBRO | ||
| 949 |
_a631.07 U5 _bBC _cLIBRO _d33724000051173 _eLIBRO _h73535 _i51406 _mD _si |
||
| 999 |
_c46292 _d46292 |
||